UK Facilities Management Survey: (Record no. 121897)
[ view plain ]
| 000 -LEADER | |
|---|---|
| fixed length control field | 01132nam a22001937a 4500 |
| 008 - FIXED-LENGTH DATA ELEMENTS--GENERAL INFORMATION | |
| fixed length control field | 240408t2024 xxk|||||o|||| 00| 0 eng d |
| 041 ## - LANGUAGE CODE | |
| Language code of text/sound track or separate title | eng |
| 110 ## - MAIN ENTRY--CORPORATE NAME | |
| Corporate author | Royal Institution of Chartered Surveyors |
| 245 ## - TITLE STATEMENT | |
| Title | UK Facilities Management Survey: |
| Subtitle | Q1 2024 |
| Medium | [Electronic resource] |
| 260 ## - PUBLICATION INFORMATION | |
| Place of publication | London, |
| Publisher | Royal Institution of Chartered Surveyors, |
| Date | 2 April 2024 |
| 300 ## - PHYSICAL DESCRIPTION | |
| Physical description | 5p. |
| 520 ## - ABSTRACT | |
| Abstract | A quarterly indicator of demand, activity and sentiment across the facilities management industry. Based on responses from facilities managers, service providers and FM consultancies, it details sentiment across different sectors within facilities management, the experience of businesses and professionals, and expectations of which services will be most in demand. |
| 650 ## - KEYWORDS | |
| Keywords | FACILITIES MANAGEMENT |
| 651 ## - SUBJECT ADDED ENTRY--GEOGRAPHIC NAME | |
| Geographic name | United Kingdom |
| 690 ## - BROAD SUBJECT | |
| Broad subject | Facilities management |
| 9 (RLIN) | 6240 |
| 710 ## - ADDED CORPORATE NAME | |
| Added corporate author | Royal Institution of Chartered Surveyors |
| 856 ## - ONLINE RESOURCE | |
| Uniform Resource Identifier | <a href="https://www.rics.org/content/dam/ricsglobal/documents/market-surveys/uk-facilities-management-survey/q1-2024-rics-facilities-management-survey.pdf">https://www.rics.org/content/dam/ricsglobal/documents/market-surveys/uk-facilities-management-survey/q1-2024-rics-facilities-management-survey.pdf</a> |
| Public note | Available free on RICS.org |
| 942 ## - ADDED ENTRY ELEMENTS (KOHA) | |
| Suppress in OPAC | Do not suppress in OPAC |
| Lost status | Damaged status | Not for loan | Current library | Shelving location | Date acquired | Total Checkouts | Date last seen | Price effective from | Koha item type |
|---|---|---|---|---|---|---|---|---|---|
| Virtual | Online | 08/04/2024 | 08/04/2024 | 08/04/2024 | Online material |